000 00526cam a2200193 4500
001 D9919
008 090401t1981 xxu||||| |||| 00| 0 eng d
035 _a(Sirsi) u23315
041 _aeng
050 _a333.73
100 _aWilson, D.C.
245 _aProblems arising from the redevelopment of gas works and similar sites for United Kingdom Atomic Energy Authority, Harwell
260 _aLondon
_bHMSO
_c1981
300 _avi. 174p. 29cm
350 _a11
700 _aStevens, C.
942 _n0
948 _c04/03/1997
999 _c88378
_d88378